000 00279nam a2200121Ia 4500
005 20251222143151.0
008 251222s9999||||xx |||||||||||||| ||spa||
082 _a530/A88
100 _aAucallanchi Velásquez, Félix
245 0 _aFísica
264 _bSan Marcos
942 _cLIB
999 _c12699
_d12699